Score 0/24 Timer 02:00
0 Plays Today
Literature Missing Word % Correct
Around the _____ in 80 DaysWorld
98.1%
50 _____ of GreyShades
96.8%
A Tale of Two _____Cities
95.5%
_____-22Catch
93.7%
20,000 Leagues under the _____Sea
92.6%
One _____ Over the Cuckoo's NestFlew
90.5%
One Fish Two Fish _____ Fish Blue FishRed
89.8%
1001 Arabian _____Nights
88.9%
2001: A _____ OdysseySpace
84.1%
The Lord of The Rings: The Two ____Towers
81.6%
The Three _____Musketeers
69.5%
_____-FiveSlaughterhouse
55.8%
Literature Missing Word % Correct
Seven Years in _____Tibet
54.4%
The Hundred and One _____Dalmatians
52.3%
The Thirty-Nine _____Steps
44.3%
One Hundred Years of _____Solitude
44.1%
The Two _____ of VeronaGentlemen
42.8%
Four Past _____Midnight
29.4%
The Seven _____ of WisdomPillars
16.1%
Five _____ and ItChildren
11.9%
From a _____ 8Buick
6.6%
The Fifth _____Elephant
4.7%
The Five Red _____Herrings
4%
The Nine _____Tailors
3.7%

Today's Daily Dose

Missing Word
I Hardly Know Her!

Word Ladder
Sentence Ending

Quick Pick
Female Firsts

Get the Picture
Triathlon Sports

Remove Ads.
Support Sporcle.
Get the best of Sporcle when you Go Orange. This ad-free experience offers more features, more stats, and more fun while also helping to support Sporcle. Thank you for becoming a member.

You're not logged in!

Compare scores with friends on all Sporcle quizzes.
OR
Log In

Show Comments

Extras

Top Quizzes Today


Score Distribution

Your Account Isn't Verified!

In order to create a playlist on Sporcle, you need to verify the email address you used during registration. Go to your Sporcle Settings to finish the process.

Report this User

Report this user for behavior that violates our Community Guidelines.

Details: